[Event "Cotswold Congress 2004 Open"]
[Site "Cheltenham"]
[Date "2004.05.29"]
[Round "2"]
[White "White, Ernest M"]
[Black "Brown, Graham"]
[Result "0-1"]
[WhiteElo "155"]
[BlackElo "169"]
[PlyCount "68"]
[EventDate "2004.??.??"]
[TimeControl "240+2"]

1. e4 d5 2. exd5 Nf6 3. Bc4 Nxd5 4. Nc3 c6 5. Qf3 e6 6. d3 (6. Nge2 $142) 6...
Nd7 7. Qg3 $6 Nxc3 (7... Nb4 8. Kd1 (8. Bb3 Nc5 9. Kd1 Qa5 $17) 8... Nb6 (8...
b5 9. Bb3 a5 10. Bg5 Qb6 $15) 9. Bb3 a5 $15) 8. bxc3 Qf6 9. Ne2 Nb6 10. Bb3 Be7
11. O-O (11. Bf4 $11) 11... O-O (11... h5 12. f4 h4 $15) 12. Bf4 Nd7 13. d4 Rd8
14. Bc7 Re8 15. f4 Qg6 16. Qh3 (16. Rae1) 16... Nf6 17. Rae1 (17. Be5) 17...
Nd5 18. f5 (18. Be5 f6 19. f5 Qf7 20. Bg3 exf5 21. Nf4 $11) 18... exf5 19. Nf4
Nxf4 20. Bxf4 Be6 21. c4 (21. Re3 $142 $11) 21... Rad8 $15 22. Qe3 (22. c3)
22... Bf8 (22... Bh4 23. Re2 Bf6 $17) 23. Qd3 Bd6 24. Bxd6 Rxd6 25. d5 cxd5 (
25... Ra8 $142) 26. cxd5 Bd7 $6 (26... Rf8) 27. Qc3 $6 (27. Rxe8+ Bxe8 28. Qe3
Rd8 29. Qxa7 $14) 27... h6 $4 (27... Rxe1 28. Rxe1 h6 $15) 28. Qc7 $2 (28.
Rxe8+ Bxe8 29. Qc8 $18) 28... Re4 (28... Rxe1 29. Rxe1 f4 $15) 29. Qxb7 $16 Rg4
30. g3 $2 (30. Rf2) 30... Rxg3+ 31. hxg3 $4 (31. Kh1 Rxb3 32. cxb3 Rxd5 $17)
31... Qxg3+ 32. Kh1 Qh3+ 33. Kg1 Rg6+ 34. Kf2 Rg2# 0-1

[Event "Cotswold Congress 2004 Open"]
[Site "Cheltenham"]
[Date "2004.05.29"]
[Round "2"]
[White "White, Michael JR"]
[Black "Sugden, John N"]
[Result "1-0"]
[WhiteElo "167"]
[BlackElo "189"]
[PlyCount "97"]
[EventDate "2004.??.??"]
[TimeControl "240+2"]

{64MB, Fritz8.ctg, OEMComputer Martin,Pete: 48MB, Fritz8.ctg, Pete} 1. c4 g6 2.
Nc3 Bg7 3. Nf3 d6 4. e4 e5 5. d4 Nd7 6. g3 Ngf6 7. Bg2 O-O 8. O-O c6 9. Re1 Re8
10. h3 Qb6 (10... a5 11. Be3 exd4 12. Nxd4 Nc5 $11) 11. Rb1 exd4 12. Na4 (12.
Nxd4 Ng4 13. hxg4 Bxd4 $11) 12... Qa6 $15 13. Nxd4 Nc5 (13... Qxc4 14. b3 Qa6)
14. Nc3 Qxc4 15. Bf1 Qb4 16. Nc2 Qb6 17. e5 Nd5 $6 (17... dxe5 18. Be3 Bf5 19.
Na4 Qd8 20. Nxc5 Qxd1 21. Rbxd1 Bxc2 $15) 18. Nxd5 cxd5 19. Be3 Qc7 $2 (19...
a5 20. exd6 Be6 $11) 20. exd6 Qxd6 (20... Qb6 21. b4 $18) 21. Bxc5 $1 Rxe1 22.
Bxd6 Rxd1 23. Rxd1 Bxb2 24. Rxd5 Be6 25. Rb5 Bf6 26. Rxb7 Bxa2 27. Ba6 Rd8 28.
Rb8 Kg7 29. Rxd8 Bxd8 30. Bc5 Bb6 31. Bxb6 axb6 32. Ne3 Be6 33. h4 Bd7 34. Kf1
h6 35. Ke2 Bc6 36. Nc4 b5 37. Ne5 Be8 38. Bb7 Kf6 39. Bc6 Bxc6 40. Nxc6 g5 41.
hxg5+ Kxg5 42. Ke3 h5 43. Kd4 (43. Ne5 f6 44. f4+ Kf5 45. Nd3 Kg4 46. Kf2)
43... f6 44. f3 h4 (44... f5 45. Ke5) 45. gxh4+ Kxh4 (45... Kf4 46. Kc5) 46.
Kc5 Kg3 47. Nd4 Kf4 48. Kxb5 Ke3 49. Kc4 {1-0 White,M-Sugden,J/Cheltenham 2004/
[Martin,Pete] (49)} 1-0

[Event "Cotswold Congress 2004 Open"]
[Site "Cheltenham"]
[Date "2004.05.29"]
[Round "2"]
[White "White, Stephen"]
[Black "De Coverly, Roger D"]
[Result "1/2-1/2"]
[WhiteElo "164"]
[BlackElo "171"]
[PlyCount "82"]
[EventDate "2004.??.??"]

1. Nf3 Nf6 2. c4 g6 3. Nc3 Bg7 4. g3 d6 5. Bg2 O-O 6. O-O Nc6 7. Rb1 a5 8. a3
Bf5 9. d3 Qd7 10. Re1 Bh3 11. Bh1 h6 12. b4 axb4 13. axb4 e5 14. b5 Ne7 15. Nd2
Rab8 16. Nb3 Nh5 17. Na5 (17. Ra1 $14) 17... Qc8 (17... c6 $142 $11) 18. Be3
$14 b6 19. Nc6 Nxc6 20. Bxc6 Bd7 21. Bf3 f5 22. Nd5 Re8 23. Qc1 (23. Ra1 $16
Be6 (23... f4 24. Bxh5 gxh5 25. gxf4 exf4 26. Bxf4) (23... e4 24. Bxh5 gxh5 (
24... Bxa1 25. Bxg6) 25. dxe4 Bxa1 26. Qxa1 fxe4 27. Nf6+) 24. Ra7 Bxd5 25.
Bxd5+) 23... Kh7 24. Qc2 Nf6 25. Nb4 e4 26. Bg2 Ng4 27. dxe4 (27. Bc1 $14)
27... Nxe3 $11 28. fxe3 Qd8 29. exf5 Bxf5 30. e4 Bd7 31. Rf1 Rf8 (31... Qg5 $11
) 32. Rxf8 $14 Qxf8 33. Rf1 $11 (33. Nd5 $14) 33... Bd4+ 34. Kh1 Qg7 35. e5 Rf8
36. Qd1 (36. Rxf8 Qxf8 37. exd6 Qf2 38. Qd1 cxd6 $14) 36... Bxe5 37. Nd5 Be6
38. Be4 Bxd5 39. Bxd5 Rxf1+ 40. Qxf1 Qf6 41. Qxf6 Bxf6 1/2-1/2

[Event "Cotswold Congress 2004 Open"]
[Site "Cheltenham"]
[Date "2004.05.29"]
[Round "2"]
[White "Hosken, Nigel"]
[Black "Taylor, Geoffrey P"]
[Result "0-1"]
[WhiteElo "180"]
[BlackElo "159"]
[PlyCount "78"]
[EventDate "2004.??.??"]
[WhiteTeam "Germany"]
[BlackTeam "Germany"]
[WhiteTeamCountry "GER"]
[BlackTeamCountry "GER"]
[TimeControl "600"]

1. d4 d5 2. c4 e6 3. Nc3 Nf6 4. Bg5 Be7 5. e3 O-O 6. Nf3 Nbd7 7. Rc1 c6 8. Bd3
Re8 9. c5 (9. O-O Nf8 10. Ne5 N6d7 11. Bxe7 Qxe7 12. f4 f6 13. Nf3 $14 {
Diagram # 1-0 Szabolcsi,J-Sarkozi,F/Budapest 2001/CBM 81 ext (68)}) 9... Nf8
10. h4 $6 (10. Ne5 N6d7 11. Bxe7 Qxe7 12. f4 Nxe5 13. fxe5 f6 14. exf6 Qxf6 15.
Rf1 Qe7 $11) (10. O-O $142 N6d7 11. Bf4 $14 {Diagram #}) 10... N6d7 11. Bb1 (
11. Bxe7 $142 Qxe7 12. h5) 11... f6 12. Bf4 e5 13. Bg3 exd4 $15 14. exd4 $6 (
14. Nxd4 Bxc5 15. O-O $15) 14... Bxc5+ $17 {Diagram #} 15. Kf1 Bb4 16. Ne2 Nb6
17. Nf4 (17. h5 Bg4 18. Qd3 Qe7) 17... Bg4 $19 {Diagram #} 18. Qd3 Bxf3 19.
Qxf3 Nc4 20. Kg1 Nd2 21. Qd3 Ne4 22. Kh2 Bd6 23. Rhe1 Nxg3 24. fxg3 Qd7 25. Bc2
Bb4 26. Rxe8 Rxe8 27. Rf1 Bd6 28. Rf2 Re7 29. a3 Qe8 30. Re2 {Losing another
pawn} Bxf4 31. Rxe7 Bxg3+ 32. Kxg3 Qxe7 33. b4 g6 34. Qc3 Qd6+ 35. Kh3 Qf4 36.
b5 cxb5 37. Qc5 g5 (37... Qe3+ $142 $1 38. Kh2 Kg7 $19) (37... Qe3+) 38. Qxd5+
Kh8 {Diagram #} (38... Kg7 $142 $1 39. hxg5 (39. Qxb7+ Kh6 40. hxg5+ fxg5 41.
Qc6+ Ng6 42. g3 g4+ 43. Kg2 Qxd4 $19) 39... fxg5 40. Qe4 Ng6 41. g3 g4+ 42. Kg2
$17) 39. Qe4 $4 (39. hxg5 fxg5 40. Qe4 Ng6 (40... Qxe4 41. Bxe4 Ne6 (41... Kg7
42. Bxb7 Kf6 $17) 42. d5 Nd8 $15) 41. Qxf4 (41. g3 g4+ (41... Qd6 42. Qxb7 Qxd4
43. Bxg6 hxg6 44. Qxb5 $11) 42. Kg2 Qd2+ $17) 41... Nxf4+ 42. Kg4 $17) 39...
g4# 0-1

[Event "Cotswold Congress 2004 Open"]
[Site "Cheltenham"]
[Date "2004.05.30"]
[Round "3"]
[White "Beaumont, Chris"]
[Black "White, Michael JR"]
[Result "1/2-1/2"]
[WhiteElo "213"]
[BlackElo "167"]
[PlyCount "55"]
[EventDate "2004.??.??"]
[TimeControl "600"]

1. d4 Nf6 2. Nf3 g6 3. c4 Bg7 4. Nc3 O-O 5. e4 d6 6. Be2 e5 7. O-O Nc6 8. d5
Ne7 9. Nd2 a5 10. a3 Bd7 11. b3 Ne8 12. Bb2 c5 (12... f5 13. b4 Nf6 $11 {
0-1 Douven,R-Nijboer,F/Hilversum 1990/CBM 19 (43)}) 13. dxc6 bxc6 14. b4 axb4
15. axb4 Rb8 (15... Rxa1 $142 16. Qxa1 f5 $11) 16. b5 f5 17. Nb3 (17. Ba3 $5 {
With the plan of putting pressure on d6}) 17... cxb5 18. Nxb5 Bxb5 (18... fxe4
19. Ba3 Nf5 20. Qd5+ Rf7 21. Qxe4 Nc7 $15) 19. cxb5 fxe4 20. Ba3 Nf5 21. Qd5+
Kh8 22. Qxe4 d5 23. Qc2 Ned6 (23... Rf7) 24. Qc6 Rb6 25. Qxd5 Nxb5 26. Qxd8
Rxd8 27. Bc5 Rbb8 28. Na5 $15 (28. Rfd1) 1/2-1/2

[Event "Cotswold Congress 2004 Open"]
[Site "Cheltenham"]
[Date "2004.05.30"]
[Round "3"]
[White "Beveridge, Nigel"]
[Black "White, Ernest M"]
[Result "1-0"]
[WhiteElo "165"]
[BlackElo "155"]
[PlyCount "71"]
[EventDate "2004.??.??"]
[TimeControl "240+2"]

1. e4 e5 2. Nf3 Nc6 3. Bb5 f5 4. Nc3 fxe4 5. Nxe4 d5 6. Nxe5 dxe4 7. Nxc6 Qg5
8. Qe2 Nf6 9. f4 Qh4+ 10. g3 Qh3 11. Ne5+ c6 12. Bc4 Be7 13. Bf7+ Kd8 (13...
Kf8) 14. d4 Rf8 15. Bb3 Kc7 16. Bd2 Bf5 17. Qc4 (17. O-O-O) 17... Rac8 (17...
a5 18. a4 Nd5 19. Qe2 Bd6) 18. O-O-O Nd5 19. Qe2 Bf6 20. Rde1 Kb8 21. c3 Rfd8
22. Bc2 c5 23. dxc5 Rxc5 24. Bxe4 Nb4 25. a3 Na2+ 26. Kc2 Rcd5 (26... Bxe4+
$142 27. Qxe4 Bxe5 28. fxe5 Qe6) 27. Nf3 Bxe4+ (27... Re8 $1 28. Qc4 Rxe4 29.
Rxe4 Rd4 30. Nxd4 (30. cxd4 Bxe4+ 31. Kb3 Qd7 $19) 30... Bxe4+ 31. Kd1 Bxh1 32.
Qxa2 Qf1+ 33. Be1 Qd3+ $11) 28. Qxe4 Qg2 29. Qe2 Rxd2+ 30. Nxd2 Qd5 31. Ne4
Nxc3 32. Nxc3 Bxc3 33. Rd1 Bd4 34. Rhe1 (34. Kb1 $142 $18) 34... Rc8+ $2 (34...
Qa2 $142 $1 35. Rxd4 Rc8+ 36. Kd2 Qxb2+ 37. Ke3 Qc3+ 38. Rd3 Re8+ 39. Kf3 Rxe2
40. Rxc3 Rxe1 $14) 35. Kb1 Qf5+ 36. Qe4 1-0

[Event "Cotswold Congress 2004 Open"]
[Site "Cheltenham"]
[Date "2004.05.30"]
[Round "3"]
[White "Bolt, Graham"]
[Black "Sisask, Jesper"]
[Result "1-0"]
[WhiteElo "171"]
[BlackElo "166"]
[PlyCount "95"]
[EventDate "2004.??.??"]
[TimeControl "240+2"]

1. e4 c5 2. Nf3 d6 3. d4 cxd4 4. Nxd4 Nf6 5. Nc3 Nc6 6. Bg5 e6 7. Qd2 a6 8.
O-O-O h6 9. Be3 Bd7 10. f4 b5 11. Bd3 Qc7 12. Kb1 Be7 13. h3 Nxd4 14. Bxd4 e5 (
14... b4 15. Ne2 e5 16. Be3 Qb7 $11) 15. Bf2 Bc6 16. Qe3 O-O 17. Rhg1 Qb7 18.
Rde1 exf4 19. Qxf4 b4 20. Nd5 Nxd5 21. exd5 Bb5 (21... Bxd5 22. Rxe7 Qxe7 23.
Qf5 Bxa2+ 24. Kxa2 Qe6+ 25. Qxe6 fxe6 $14) 22. Qxb4 Rfb8 23. Bxb5 axb5 24. g4
Ra4 25. Qb3 Rba8 26. a3 Bf6 (26... b4 27. Re4 Bf6 28. Rxb4 Rxb4 29. axb4 Bh4
30. Bd4 (30. Bxh4 Qa7) 30... Bf6 31. Be3 Bg5 $11) 27. c3 Rc4 28. Rd1 Rac8 29.
Rg3 Rf4 30. Bg1 Re8 31. Rgd3 Qd7 32. Bd4 Bh4 33. c4 bxc4 34. Qxc4 Rfe4 (34...
Rc8 35. Qa6 Bf2 36. Rc3 $14) 35. Qc6 $16 Qe7 36. Bc3 (36. Rb3 $16) 36... Bg5
37. Qb6 Re2 38. Qd4 Bf6 39. Qf4 Bg5 40. Qf3 Qb7 41. Bb4 R8e4 42. Rc3 Bf6 43.
Rc2 Qa6 $2 (43... Rxc2 44. Kxc2 Re8 $11) 44. Qd3 $18 Qxd3 45. Rxd3 Be5 46. Bc3
Bf4 47. Rxe2 Rxe2 48. a4 1-0

[Event "Cotswold Congress 2004 Open"]
[Site "Cheltenham"]
[Date "2004.05.30"]
[Round "3"]
[White "Brown, Graham"]
[Black "Spiller, Paul"]
[Result "1/2-1/2"]
[WhiteElo "169"]
[BlackElo "142"]
[PlyCount "29"]
[EventDate "2004.??.??"]
[TimeControl "240+2"]

1. h3 d5 2. e4 dxe4 3. Nc3 Nf6 4. Nge2 e5 5. g4 Be6 6. Bg2 c6 7. Ng3 Nbd7 8.
Ncxe4 Nxe4 9. Nxe4 Nf6 10. d3 Nxe4 11. Bxe4 Bc5 12. Qe2 Qc7 13. Be3 Bxe3 14.
Qxe3 Qa5+ 15. Qd2 1/2-1/2

[Event "Cotswold Congress 2004 Open"]
[Site "Cheltenham"]
[Date "2004.05.30"]
[Round "3"]
[White "Curnow, David"]
[Black "Gilmour, Andrew J"]
[Result "1-0"]
[WhiteElo "171"]
[BlackElo "174"]
[PlyCount "71"]
[EventDate "2004.??.??"]

1. d4 Nf6 2. Nf3 g6 3. c4 Bg7 4. Nc3 O-O 5. e4 d6 6. Be2 e5 7. O-O Nc6 8. d5
Ne7 9. b4 Nh5 10. Re1 Nf4 11. Bf1 h6 12. Nd2 c6 13. a4 f5 14. g3 Nh5 15. exf5
Nxf5 $2 (15... cxd5 16. fxg6 Qb6 17. c5 dxc5 18. Qxh5 cxb4 19. Nd1 Qxg6 20.
Qxg6 Nxg6 $14) 16. Nde4 $2 (16. g4 $16) 16... Nd4 17. Bg2 Nf6 18. Nxf6+ Qxf6
19. Ne4 Qd8 20. Ba3 cxd5 21. cxd5 b5 22. Bb2 Ba6 (22... bxa4 23. Bxd4 exd4 24.
Qxa4 $14) 23. Bxd4 $16 exd4 24. Rc1 (24. Qd3 $16) 24... Bb7 $14 25. axb5 Kh7
26. f4 Qb6 27. Qd3 a6 28. h4 Bxd5 29. Ng5+ hxg5 30. Bxd5 Rae8 $2 (30... Qxb5
31. Qxb5 axb5 32. Bxa8 Rxa8) 31. h5 (31. Rxe8 Rxe8 32. Bf7 $18) 31... Rxe1+ 32.
Rxe1 Qxb5 33. Qxg6+ Kh8 34. h6 Bf6 35. Re7 Qxd5 36. Rh7# 1-0

[Event "Cotswold Congress 2004 Open"]
[Site "Cheltenham"]
[Date "2004.05.30"]
[Round "3"]
[White "De Coverly, Roger D"]
[Black "Hosken, Nigel"]
[Result "0-1"]
[WhiteElo "171"]
[BlackElo "180"]
[PlyCount "94"]
[EventDate "2004.??.??"]
[TimeControl "240+2"]

1. e4 c5 2. Nf3 Nc6 3. Bb5 g6 4. Bxc6 dxc6 5. d3 Bg7 6. h3 e5 7. Be3 Qe7 8. Nc3
Nf6 9. Qd2 Nd7 10. O-O-O Nf8 11. Bh6 f6 12. Bxg7 Qxg7 13. Nh2 Ne6 14. g3 Nd4
15. h4 Bd7 16. Ne2 O-O-O 17. Nxd4 cxd4 18. Kb1 Kb8 19. f4 Rhf8 20. g4 c5 21.
Rdg1 Rc8 22. b3 $15 (22. Nf3 $11) 22... b5 23. Ka1 Ka8 24. fxe5 fxe5 25. Rf1 c4
26. dxc4 (26. Qb4 $142) 26... bxc4 $17 27. Qa5 Bc6 28. Rxf8 Rxf8 29. Rf1 cxb3
30. axb3 Bxe4 31. Kb2 Rxf1 32. Nxf1 Qe7 33. Nd2 Bc6 34. Nc4 (34. c3 $142) 34...
e4 35. Nb6+ Kb8 36. Nd5 Qd6 37. Nb4 Bb7 38. Qa4 Kc7 39. g5 d3 40. Qa5+ Kc8 41.
cxd3 exd3 42. Qb5 (42. Nxd3) 42... d2 43. Qe8+ Kc7 44. Qf7+ Kb8 45. Qe8+ Bc8
46. Nc6+ Kc7 47. Nxa7 Qd4+ 0-1

[Event "Cotswold Congress 2004 Open"]
[Site "Cheltenham"]
[Date "2004.05.30"]
[Round "3"]
[White "Sugden, John N"]
[Black "White, Stephen"]
[Result "1/2-1/2"]
[WhiteElo "189"]
[BlackElo "164"]
[PlyCount "91"]
[EventDate "2004.??.??"]
[TimeControl "240+2"]

1. e4 e6 2. d4 d5 3. e5 c5 4. c3 Bd7 5. Nf3 Nc6 6. Be2 Rc8 7. O-O f6 8. Re1 Qc7
9. c4 Nxd4 10. Nxd4 cxd4 11. cxd5 fxe5 12. dxe6 Bc6 13. Bg5 Be7 14. Bxe7 Nxe7
15. Bd3 O-O 16. Nd2 Rf6 17. Qh5 Ng6 18. Rac1 Qb8 19. f3 Bd5 $2 20. Ne4 $2 (20.
Rxc8+ Qxc8 21. e7 $1 Nxe7 22. Bxh7+ Kf8 23. Qxe5 $16) 20... Bxe4 21. Bxe4 Re8
22. Bxg6 Rxg6 23. Qxe5 Qxe5 24. Rxe5 Rgxe6 25. Rxe6 Rxe6 26. Rc2 Re7 27. Kf2
Kf7 28. Rd2 Rd7 29. Ke2 Ke6 30. Kd3 Kd5 31. Re2 a5 32. Re4 Kc5 33. Re5+ Kb4 34.
Re4 Kc5 35. a3 b5 36. Re5+ Kb6 37. f4 (37. b4 $16) 37... b4 38. a4 Rc7 39. Rb5+
Ka6 40. Rd5 b3 41. Rb5 (41. Kxd4 Rc2 42. Rd6+ Kb7 43. Rd7+ Kc6 44. Rxg7 Rxb2
45. Kc3 $18) 41... Rc2 42. Rxb3 Rxg2 43. Kxd4 Rxh2 44. Rb5 g6 45. b3 Rh3 46.
Ke4 1/2-1/2

[Event "Cotswold Congress 2004 Open"]
[Site "Cheltenham"]
[Date "2004.05.30"]
[Round "3"]
[White "Taylor, Geoffrey P"]
[Black "Berry, Steve"]
[Result "0-1"]
[WhiteElo "159"]
[BlackElo "213"]
[PlyCount "84"]
[EventDate "2004.??.??"]
[TimeControl "240+2"]

1. e4 Nf6 2. e5 Nd5 3. d4 d6 4. c4 Nb6 5. Nf3 Bg4 6. exd6 cxd6 7. Be2 e6 8. O-O
Be7 9. Be3 O-O 10. a4 Nc6 11. b3 a5 12. Nc3 d5 13. c5 Nd7 14. Rc1 b6 15. cxb6
Qxb6 16. Nb5 Rfc8 17. Qd2 Nf6 18. Bd3 $6 (18. Ne5 $11) 18... Bxf3 $17 19. gxf3
Ne8 20. Kh1 Nd6 21. Rg1 Nxb5 22. axb5 Na7 23. Bh6 g6 24. Rxc8+ Rxc8 25. Qe2 Bf6
26. Rg4 Bxd4 27. Rxd4 Qxd4 28. Be3 Qe5 29. Qd2 Nxb5 30. Bxb5 d4 31. Qxd4 Qxb5
32. Kg2 Qf5 33. Bh6 e5 34. Qd2 e4 35. fxe4 Qxe4+ 36. Kg1 Re8 37. Be3 Qf5 38.
Bh6 Qe6 39. Be3 Qxb3 40. Qxa5 Qd1+ 41. Kg2 Qg4+ 42. Kf1 h5 0-1

[Event "Cotswold Congress 2004 Open"]
[Site "Cheltenham"]
[Date "2004.05.30"]
[Round "3"]
[White "Thomas, J.."]
[Black "Ponter, Ian"]
[Result "0-1"]
[WhiteElo "130"]
[BlackElo "165"]
[PlyCount "56"]
[EventDate "2004.??.??"]

1. d4 f5 2. e4 fxe4 3. Nc3 Nf6 4. f3 d5 5. fxe4 dxe4 6. Bc4 Bg4 7. Nge2 Nc6 8.
O-O (8. Bb5 $11) 8... e5 $17 9. Bg5 Be7 (9... Nxd4 $142 $17) 10. Bxf6 Bxf6 $15
11. Nxe4 Nxd4 12. Nxf6+ gxf6 13. Qe1 $6 (13. c3 Nxe2+ 14. Bxe2) 13... Qd6 $6 (
13... Nxc2 14. Qh4 Bxe2 15. Bxe2 Qd4+ 16. Qxd4 Nxd4 $19) 14. c3 $6 (14. Qf2
$142) 14... Nc2 15. Qh4 Bxe2 16. Bxe2 Nxa1 17. Bh5+ Ke7 18. Rxa1 Rad8 19. Qf2
b6 (19... Qb6 20. Qxb6 axb6 $19) 20. b4 Rhg8 21. Rf1 Qe6 22. Bd1 Rg7 (22...
Rxg2+ 23. Kxg2 Rxd1 24. Rxd1 Qg4+) 23. Bb3 Qd6 24. Qf5 c5 25. Kh1 Qc6 26. Rf2
c4 27. Bxc4 $2 Rd1+ 28. Bf1 Rxf1+ 0-1

[Event "Cotswold Congress 2004 Open"]
[Site "Cheltenham"]
[Date "2004.05.30"]
[Round "3"]
[White "Williams, Stephen"]
[Black "Neat, Roger"]
[Result "1/2-1/2"]
[WhiteElo "160"]
[BlackElo "125"]
[PlyCount "119"]
[EventDate "2004.??.??"]
[TimeControl "240+2"]

1. d4 d5 2. Nf3 Nf6 3. e3 e6 4. Bd3 Be7 5. b3 c5 6. Bb2 O-O 7. Ne5 Nbd7 8. Nd2
Qc7 9. Ndf3 h6 10. g4 $6 Nxe5 11. Nxe5 cxd4 12. exd4 Bb4+ 13. Ke2 Bc3 $11 (
13... Ne4 14. Kf1 Bc3 $17) 14. Bxc3 Qxc3 15. f3 (15. Qd2 $11) 15... Nd7 16. f4
Nxe5 17. fxe5 f5 18. Qg1 f4 (18... Bd7 19. gxf5 exf5 $15) 19. g5 hxg5 20. Qxg5
Qxd4 21. Qh5 (21. Rag1 $11) 21... f3+ 22. Kd2 Qf4+ 23. Kc3 Qh6 24. Qxh6 gxh6
25. Rhg1+ Kf7 26. Raf1 Ke7 27. Rg7+ Kd8 28. Rg6 Bd7 29. Rxh6 Rc8+ (29... Kc7
$142) 30. Kd4 Kc7 31. Rh7 Rh8 32. Rxf3 Rxh7 33. Bxh7 Rh8 34. Rf7 $18 Kc6 35. b4
b5 36. h4 a5 37. bxa5 Ra8 38. h5 (38. c4 bxc4 39. Bc2 Rxa5 40. a4 $18) 38...
Rxa5 39. h6 Ra4+ 40. Ke3 (40. Kd3 $16) 40... Rh4 41. Rf6 d4+ 42. Kf3 Kd5 43.
Kg3 Rh1 44. Kf4 $2 (44. Bd3 Kxe5 45. Rf7 Be8 46. Rf8 $18) 44... Rf1+ 45. Kg4
Rg1+ 46. Kf3 Kxe5 47. Rg6 Bc6+ 48. Kf2 Rh1 49. Bg8 Bd5 50. h7 Kf5 51. Rg1 Rh2+
52. Kg3 Rh6 53. Rf1+ Kg6 54. a3 Kg7 55. Rf4 Rg6+ 56. Rg4 Rxg4+ 57. Kxg4 Be4 58.
Bxe6 Bxc2 59. Bd7 Bxh7 60. Bxb5 1/2-1/2

[Event "Cotswold Congress 2004 Open"]
[Site "Cheltenham"]
[Date "2004.05.30"]
[Round "4"]
[White "Berry, Steve"]
[Black "Beaumont, Chris"]
[Result "1/2-1/2"]
[WhiteElo "213"]
[BlackElo "213"]
[PlyCount "66"]
[EventDate "2004.??.??"]
[TimeControl "600"]

1. e4 g6 2. d4 Bg7 3. Nf3 d6 4. Bc4 Nc6 5. O-O Nf6 6. d5 Nb8 7. e5 dxe5 8. Nxe5
O-O 9. Nc3 c6 (9... Nbd7 10. Nf3 Ne8 11. Re1 Nd6 12. Bf1 Nf6 13. Nd4 Bg4 14. f3
Bd7 15. Bf4 c6 16. dxc6 bxc6 17. Nb3 Be6 18. Kh1 Nd5 19. Nxd5 cxd5 20. Nd4 Bd7
21. Be5 Bxe5 22. Rxe5 e6 23. c3 Qf6 24. Re1 Rab8 25. Nb3 Ba4 26. Qd2 Bxb3 27.
axb3 Rxb3 28. Rxa7 Rfb8 29. Ra2 Kg7 30. Kg1 h5 31. Qf2 h4 32. Rd1 Nf5 33. Bd3
Ne7 34. h3 Nc6 35. Bf1 Qf4 36. Rd2 g5 37. Ra1 Ne7 38. Bd3 R8b6 39. Rad1 Nc6 40.
Bf1 Qg3 41. c4 dxc4 42. Bxc4 Qxf2+ 43. Rxf2 Rxb2 44. Rdd2 Rxd2 45. Rxd2 Ne5 46.
Bf1 Rb4 47. Kf2 f5 48. Rc2 Kf6 49. Ba6 Ng6 50. Bf1 Nf4 51. Ra2 Nh5 52. Rc2 Ng3
53. Ra2 Ke5 54. Ba6 Kf4 55. Bd3 e5 56. Bc2 e4 57. fxe4 fxe4 58. Ra4 Rb2 59. Rc4
{0-1 Banas,J-Sznapik,A/Trnava 1984/MCL (59)}) 10. dxc6 Nxc6 11. Nxc6 bxc6 12.
Bf4 Bf5 13. Bb3 Ne4 14. Nxe4 Bxe4 15. Qe2 (15. Qxd8 Rfxd8 16. Rae1 Bd5 17. Rxe7
Bxb2) 15... Bd5 16. Be5 f6 17. Bc3 e5 18. Rad1 Rf7 19. Qa6 Kh8 20. Bxe5 fxe5
21. c4 Rd7 22. cxd5 cxd5 23. Qe6 d4 24. Rfe1 Rd6 25. Qg4 Qf6 26. Bc4 Rf8 27. f3
(27. Qg3) 27... Bh6 28. Re4 Bf4 29. b3 h5 30. Qh3 Kg7 31. Bd3 Qg5 32. Re2 Qd8
33. Rc2 Qe7 1/2-1/2

[Event "Cotswold Congress 2004 Open"]
[Site "Cheltenham"]
[Date "2004.05.30"]
[Round "4"]
[White "Gilmour, Andrew J"]
[Black "Bolt, Graham"]
[Result "1/2-1/2"]
[WhiteElo "174"]
[BlackElo "171"]
[PlyCount "86"]
[EventDate "2004.??.??"]
[TimeControl "240+2"]

1. Nf3 d5 2. c4 c6 3. b3 Nf6 4. Bb2 Bf5 5. g3 e6 6. Bg2 Bd6 7. O-O Nbd7 8. d3
O-O 9. Nbd2 Qe7 10. Qc2 Bg6 11. Rfe1 e5 12. Nh4 Rac8 13. Nxg6 hxg6 14. Rac1
Rfe8 15. e3 e4 (15... Bc5 $142) 16. cxd5 cxd5 (16... exd3 17. Qxd3 cxd5 18.
Bxd5 $14) 17. Qxc8 Rxc8 18. Rxc8+ Kh7 19. Bxf6 $16 (19. dxe4 dxe4 20. Bd4 $16)
19... Nxf6 20. dxe4 Nxe4 21. Nxe4 $14 (21. Rd1 $16) 21... dxe4 22. Rd1 f5 23.
Bf1 g5 24. Rc4 Be5 25. Rd5 g6 26. Rcc5 Bb2 27. Bb5 Kh6 28. Rc2 Qf6 29. Rd7 a6
30. Be2 b5 31. Rcc7 g4 32. Rc2 (32. a4) 32... Ba3 33. Rdc7 Qa1+ 34. Kg2 Bb2 35.
Rd7 Qb1 36. Bd1 b4 37. Rdd2 Bc3 38. Rd5 a5 39. Re2 g5 40. Rd6+ Kg7 41. Rc2 Kf7
42. Rd7+ Ke6 43. Rd8 Ke7 $15 1/2-1/2

[Event "Cotswold Congress 2004 Open"]
[Site "Cheltenham"]
[Date "2004.05.30"]
[Round "4"]
[White "Hosken, Nigel"]
[Black "Brown, Graham"]
[Result "1/2-1/2"]
[WhiteElo "180"]
[BlackElo "169"]
[PlyCount "25"]
[EventDate "2004.??.??"]
[TimeControl "240+2"]

1. Nf3 Nc6 2. d4 d5 3. e3 Nf6 4. b3 Bf5 5. Bb2 e6 6. Be2 Bd6 7. O-O Ne4 8. Ne5
Nxe5 9. dxe5 Bc5 10. Nd2 Qg5 11. Nf3 Qh6 12. Nd4 Rd8 13. a3 1/2-1/2

[Event "Cotswold Congress 2004 Open"]
[Site "Cheltenham"]
[Date "2004.05.30"]
[Round "4"]
[White "Ponter, Ian"]
[Black "De Coverly, Roger D"]
[Result "0-1"]
[WhiteElo "165"]
[BlackElo "171"]
[PlyCount "118"]
[EventDate "2004.??.??"]
[TimeControl "240+2"]

1. e4 e5 2. Nf3 Nc6 3. Bc4 Nf6 4. Ng5 d5 5. exd5 Na5 6. Bb5+ Bd7 7. Qe2 Bd6 8.
d4 O-O 9. dxe5 Bxe5 10. O-O (10. Bxd7 Qxd7 11. Nf3 $11) 10... Bxb5 11. Qxb5
Qxd5 12. Qxd5 Nxd5 13. c3 Rfe8 14. Na3 a6 15. Nf3 Bd6 16. Nc2 Rad8 17. g3 h6
18. Rd1 Nf6 19. Ne3 Bc5 20. Rxd8 Rxd8 21. b4 Bxe3 22. Bxe3 Nc4 23. Bd4 Nd5 24.
Re1 c6 25. Ne5 Nxe5 (25... Na3 26. Nf3 Nb5 $17) 26. Bxe5 f6 27. Bd4 Kf7 28. a3
b5 29. Kf1 Rd7 30. Rc1 Nc7 31. Ke2 g5 32. f3 Ne6 33. Bf2 Re7 34. Kd3 Rd7+ 35.
Kc2 f5 36. Re1 f4 37. g4 Rd5 38. Re4 c5 39. bxc5 (39. c4 $142 $11) 39... Nxc5
40. Bxc5 Rxc5 $15 41. Rd4 Re5 42. Rd7+ Ke6 43. Ra7 Re2+ 44. Kd3 Rxh2 45. Rxa6+
Kd5 46. Ra5 Kc6 47. a4 bxa4 48. Rxa4 Kb5 49. Ra8 Rf2 50. Ke4 Re2+ 51. Kf5 Kc4
52. Rc8+ $2 (52. Rh8 $11) 52... Kd3 $19 53. Rc6 Rh2 (53... Ke3 54. Rxh6 Kxf3
$19) 54. c4 (54. Re6 $15) 54... Ke3 55. Ra6 Kxf3 56. Ra3+ Kg2 57. Ke4 Rh1 58.
Ra2+ Kg3 59. Rc2 Re1+ 0-1

[Event "Cotswold Congress 2004 Open"]
[Site "Cheltenham"]
[Date "2004.05.30"]
[Round "4"]
[White "Purry, Chris"]
[Black "Sugden, John N"]
[Result "0-1"]
[WhiteElo "154"]
[BlackElo "189"]
[PlyCount "100"]
[EventDate "2004.??.??"]
[TimeControl "240+2"]

1. e4 c5 2. c3 e6 3. d4 d5 4. Nd2 Nc6 5. Ngf3 Nf6 6. e5 Nd7 7. Be2 Qb6 8. Nb3
a5 9. a4 cxd4 10. Nbxd4 Ndxe5 11. Nxe5 Nxe5 12. O-O Be7 13. Bb5+ Nc6 14. Re1
O-O 15. Be3 Qc7 (15... Bc5 $11) 16. Bd3 Nxd4 17. Bxd4 g6 18. Qd2 f6 19. Qh6 Bd6
20. Be3 e5 21. Rad1 Be6 22. Bb1 Qf7 23. Ba2 Rfd8 $15 24. Rd2 $2 g5 (24... d4
25. Bxe6 Qxe6 26. cxd4 Bf8 27. Qh4 Bb4 $19) 25. Bxg5 (25. Bb1 $142) 25... fxg5
26. Qxg5+ Qg7 27. Qh5 Qg6 28. Qf3 e4 29. Qd1 Qf7 30. c4 Kh8 31. cxd5 Bf5 32.
Rde2 Qf6 33. Qb3 Bb4 34. Rf1 Rg8 35. Kh1 Qg6 36. Qg3 Qxg3 37. hxg3 Rac8 38. Bb1
Rge8 39. Kh2 Bg6 40. Kh3 Rcd8 41. Ba2 Rd6 42. Rc1 Bf5+ 43. g4 Rh6+ 44. Kg3 Bd6+
45. f4 exf3+ 46. Kxf3 Bxg4+ 47. Kxg4 Rxe2 48. Rc8+ Kg7 49. Bb1 Rxg2+ 50. Kf3
Rxb2 0-1